00220nam a22000977a 4500999001900000020001500019100001600034245003400050260003100084942000700115 c261832d261831 a2841962784 aTony Abbott aJourney To The Volcano Palace aNew YorkbScholasticc1999 cBK